000 00714nam a2200217 4500
003 OSt
005 20240726012046.0
006 a
008 240726b |||||||| |||| 00| 0 eng d
020 _a 9789719358633
040 _aDWCL-Main lib.
_cOC
082 _2Second edition
_aFil. 343.59904 P552 2009
110 _aPunongbayan & Araullo
245 _aPhilippine National Internal Revenue Code of 1997 /
250 _aSecond edition
260 _aMakati City:
_bPunongbayan & Araullo,
_cc2009.
300 _axvii,
_b538 p. ;
_c22 cm.
650 _a1. Taxation-Law and legislation-Philippines.
650 _a2. Tax administration and procedure-Philippines.
942 _2ddc
_n0
_cBK - FIL
_eSecond edition
_kFil.
999 _c2768
_d2768